| 000 | 00854nam a22002057a 4500 | ||
|---|---|---|---|
| 999 |
_c13312 _d13312 |
||
| 003 | AR-CdUCM | ||
| 008 | 190411b ||||| |||| 00| 0 spa d | ||
| 040 |
_aMUNICIPALIDAD PROVINCIAL DEL CUSCO _cBIBLIOTECA MUNICIPAL DEL CUSCO |
||
| 082 |
_aC / 344.31 / _bE93 |
||
| 100 |
_aEstrada, Alcides F. _96009 |
||
| 245 | _aJurisdicción especial de menores / | ||
| 260 |
_aCuzco : _bH.G. Rozas, _c1951. |
||
| 300 |
_a93 paginas ; _bIlustraciones, _c21 cm. |
||
| 505 | _aContenido : Jurisdicción especial de menores -- El derecho frente al niño y al joven -- Juzgado de suplencia y de menores movimiento judicial de 1947 -- Juzgado de menores, reglas del procedimiento... | ||
| 650 |
_aJuzgado de menores _931666 |
||
| 650 |
_aInvestigación de menores _931667 |
||
| 650 |
_aJuzgado de suplencia _931668 |
||
| 942 |
_2ddc _cLIBROS |
||
| 945 |
_awnts _d2019-04-11 |
||